000 01367nam a2200253 a 4500
001 000041805
005 20201002035751.0
008 130725s1980 sp 000 0 spa d
020 _a8400079434
040 _aDO-SdBNP
_bspa
_cBNPHU
111 2 _aColloqui
_d(1999 : 3-5 nov.
_cBarcelona)
_968674
245 1 3 _aEl mas català durant l'Edat Mitjana i la Moderna (segles IX-XVIII) :
_baspectes arqueològics, històrics, geogràfics, arquitectònics i antropològics : actes del Col.loqui celebrat a Barcelona, del 3 al 5 de novembre de 1999 /
_ceditores María Teresa Ferrer i Mallol, Josefina Mutgé i Vives, Manuel Riu i Riu.
260 _aBarcelona :
_bConsejo Superior de Investigaciones Científicas, Departamento de Estudios Medievales,
_c1980.
300 _aXVI, 659 p. : ;
_c24 cm.
490 1 _aAnejos del Anuario de estudios medievales ;
_aAnnex
_v42
500 _aIncluye referencias bibliográficas y notas al pie de las páginas
504 _aIncluye referencias bibliográficas
504 _aIncluye bibliografía a final de cada cápitulo
700 1 _aFerrer i Mallol, María Teresa
_d1940-
_eed.
_968675
700 1 _aMutgé i Vives, Josefina
_eed.
_968676
700 1 _aRiu, Manuel
_eed.
_966068
710 2 _aConsejo Superior de Investigaciones Científicas (España)
_915178
830 0 _aAnejos del Anuario de estudios medievales ;
_pAnnex
_v42
_968499
999 _c41294
_d41294